000 00750nam a2200229Ia 4500
003 OSt
005 20220923212712.0
006 a|||||r|||| 00| 0
007 ta
008 220922b |||||||| |||| 00| 0 hin d
024 _a155,433
037 _cTextual
040 _aARTS
_cARTS
_bhin
041 _2hin
_ahin
082 _aO15:3D6:1, 152K4 (TTPS)
100 _aबाणभट्ट
_9156280
245 0 _aकादंबरी कथांमुख्र, उपेद्रनारायण मिश्र व्या
246 _aKādanbarī kathāanmukhra, upedranārāyaṇ mishra vyā0
260 _c1964
942 _hO15:3D6:1, 152K4 (TTPS)
_cTEXL
_2CC
999 _c310958
_d310958